| 000 | 01064cam a22003137a 4500 | ||
|---|---|---|---|
| 003 | CHAP | ||
| 005 | 20220329142915.0 | ||
| 008 | 050201s2002 mx a r 00010 spa d | ||
| 010 | _a89499 | ||
| 011 | _a90471 | ||
| 035 | _a101027 | ||
| 040 | _cCHAP | ||
| 090 | _aFolleto 16931 | ||
| 110 | 2 |
_aMéxico. Gobierno de la República _977065 |
|
| 245 | 1 | 0 |
_aAcciones de gobierno : _bprimer año, México 2000-2001 _c/por Gobierno de la República |
| 260 |
_aMéxico, D. F. : _bGobierno de la República, _c[2002] |
||
| 300 |
_a44 p. : _bilus. |
||
| 590 |
_aBATCH-UPD _b10 _c20130110 _lUCH01 _h1808 |
||
| 590 |
_aBATCH-UPD _b10 _c20130410 _lUCH01 _h1143 |
||
| 590 |
_aBATCH-UPD _b10 _c20130914 _lUCH01 _h1825 |
||
| 590 |
_aBATCH-UPD _b10 _c20161124 _lUCH01 _h1712 |
||
| 590 |
_aCONVERSION _b10 _c20130109 _lUCH01 _h1350 |
||
| 651 | 4 |
_aMéxico _xPolítica y gobierno. _976783 |
|
| 901 | _aBK | ||
| 905 | _aLilia | ||
| 942 | _cFOLL | ||
| 949 |
_aFolleto 16931 _bBC _cFOLL _d33724002000835 _eTS1 _i101027 _sb |
||
| 949 |
_aFolleto 16931 _bBC _cFOLL _d33724002001637 _eTS2 _fc.2 _i101027 _sb |
||
| 999 |
_c89499 _d89499 |
||